| 000 | 00535nam a2200181Ia 4500 | ||
|---|---|---|---|
| 003 | LDD | ||
| 008 | 190327s9999 xx 000 0 und d | ||
| 020 |
_a819012622 _c5000 |
||
| 040 | _cLDD | ||
| 082 | _a8H1.71 भा3202आ | ||
| 100 | _aभाटिया, प्रेम | ||
| 245 | 0 | _aआईना-ए-हकीकत | |
| 260 |
_aदिल्ली _bविश्व भारती योग संस्थान _c2003 |
||
| 300 | _a112पृ. | ||
| 500 | _aGifted by : B.N. Kaul | ||
| 942 |
_2ddc _cBK |
||
| 949 | _aG014653 | ||
| 999 |
_c193100 _d193100 |
||